La tragédie (notice n° 1567137)
[ vue normale ]
| 000 -LEADER | |
|---|---|
| fixed length control field | 00650cam a2200133 4500500 |
| 005 - DATE AND TIME OF LATEST TRANSACTION | |
| control field | 20251214002554.0 |
| 041 ## - LANGUAGE CODE | |
| Language code of text/sound track or separate title | fre |
| 042 ## - AUTHENTICATION CODE | |
| Authentication code | dc |
| 100 10 - MAIN ENTRY--PERSONAL NAME | |
| Personal name | Biet, Christian |
| Relator term | author |
| 245 00 - TITLE STATEMENT | |
| Title | La tragédie |
| 260 ## - PUBLICATION, DISTRIBUTION, ETC. | |
| Name of publisher, distributor, etc. | Armand Colin,<br/> |
| Date of publication, distribution, etc. | 2010.<br/> |
| 520 ## - SUMMARY, ETC. | |
| Summary, etc. | 1. La tragédie antique 2. La tragédie au XVIe siècle et au début du XVIIe siècle 3. Le spectacle tragique au XVIIe siècle 4. L’esthétique de la distance 5. Impact politique et tragédie française de l’âge classique 6. Corneille et Racine 7. La tragédie au XVIIIe siècle |
| 856 41 - ELECTRONIC LOCATION AND ACCESS | |
| Uniform Resource Identifier | <a href="https://shs.cairn.info/la-tragedie--9782200259099?lang=fr&redirect-ssocas=7080">https://shs.cairn.info/la-tragedie--9782200259099?lang=fr&redirect-ssocas=7080</a> |
Pas d'exemplaire disponible.




Réseaux sociaux